000 00838nam a2200217Ia 4500
003 Ost
005 20260507075019.0
008 260507s9999||||xx |||||||||||||| ||und||
020 _a196033977
040 _cfsecg
041 _aara
082 _a657.42
100 _aباسيلي، مكرم عبد المسيح
_eمؤلف
245 0 _aمحاسبة التكاليف :
_bالأصالة والمعاصرة /
_c مكرم عبد المسيح باسيلي
260 _aالمنصورة:
_bالمكتبة العصرية,
_c2002
300 _a278 صفحة؛
_bإيضاحات ؛
_c24 سم
520 _aأساسيات محاسبة التكاليف-محاسبة التكاليف بين التأهيل العلمي والتطبيق العملي
653 _aالمحاسبة
653 _aمحاسبة التكاليف
942 _cكتاب
999 _c42245
_d42245